ბათუმის შოთა რუსთაველის სახელმწიფო უნივერსიტეტის ბიბლიოთეკა

სოფლის მეურნეობის მდგრადი განვითარების პრიორიტეტები = Priorities of the sustainable development of agriculture : (ბიბ.ჩანაწერი № 58708)

000 -ლიდერი
ფიქსირებული სიგრძის საკონტროლო ველი 01745nam a22002297a 4500
003 - საკონტროლო ნომრის იდენტიფიკატორი
საკონტროლო ველი Ge_BSU
005 - ბოლო ოპერაციის თარიღი და დრო
საკონტროლო ველი 20220701131203.0
008 - ფიქსირებული სიგრძის მონაცემთა ელემენტები - ზოგადი ინფორმაცია
ფიქსირებული სიგრძის საკონტროლო ველი 220701s2012ge xxu||||| |||| 00| 0 geo d
020 ## - წიგნის საერთაშორისო სტანდარტული ნომერი
International Standard Book Number 9789941132261
041 ## - ენის კოდი
Language code of text/sound track or separate title geo
080 ## - უნივერსალური ათობითი კლასიფიკაციის ინდექსი
Universal Decimal Classification number 338.48-53:63(479.22) ს-72
245 ## - ცნობა სათაურის შესახებ
Title სოფლის მეურნეობის მდგრადი განვითარების პრიორიტეტები = Priorities of the sustainable development of agriculture :
Remainder of title I საერთაშორისო სამეცნიერო-პრაქტიკული კონფერენცია : შრომების კრებული /
Statement of responsibility, etc სარედ. კოლ.: ეთერ ხარაიშვილი [და სხვ.].
264 ## - წარმოების, გამოცემის, დისტრიბუციის და სხვა ცნობები
გამოცემის, წარმოების, დისტრიბუციის... ადგილი თბილისი:
გამოცემის, წარმოების, დისტრიბუციის... სახელწოდება უნ-ტის გამ-ბა,
გამოცემის, წარმოების, დისტრიბუციის... თარიღი 2012.
300 ## - ფიზიკური აღწერა
Extent 582 გვ . :
Other physical details ცხრ., სურ. ;
Dimensions 30 სმ.
546 ## - LANGUAGE NOTE
Language note თავფურ., ყდა ქართ. და ინგლ. რამდენიმე შრომა რუს. და ინგლ.
653 ## - INDEX TERM--UNCONTROLLED
Uncontrolled term სოფლის მეურნეობის ეკონომიკა.
653 ## - INDEX TERM--UNCONTROLLED
Uncontrolled term სოფლის მეურნეობა.
653 ## - INDEX TERM--UNCONTROLLED
Uncontrolled term საქართველოს სოფლის მეურნეობა. საქართველოს სოფლის მეურნეობის ეკონომიკა. აგროტურიზმი საქართველოში.
700 ## - ADDED ENTRY--PERSONAL NAME
Personal name ხარაიშვილი, ეთერ
Relator term სარედაქციო კოლეგია
9 (RLIN) 2000
710 ## - ADDED ENTRY--CORPORATE NAME
Corporate name or jurisdiction name as entry element ივ. ჯავახიშვილის სახ. თსუ
9 (RLIN) 2439
942 ## - ADDED ENTRY ELEMENTS (KOHA)
Source of classification or shelving scheme
Koha item type წიგნი
ეგზემპლარები
ჩამოწერის სტატუსი დაკარგული ეგზემპლარის სტატუსი კლასიფიკაციის წყარო ან თაროზე გაწყობის სქემა დაზიანების სტატუსი არ გაიცემა მუდმივი მდებარეობა (დაცვის ადგილი) ამჟამინდელი ადგილსამყოფელი თაროზე განთავსების ადგილი შეძენის თარიღი ღირებულება, შესყიდვის ნორმალური ფასი სრული შენახვის შიფრი შტრიხკოდი ბოლო ოპერაციის თარიღი ეგზემპლარის მიმდევრობითი ნომერი (კეტერი?) ფასის ძალაში შესვლის თარიღი ეგზემპლარის სახეობა საჯარო შენიშვნა
          ბათუმის შოთა რუსთაველის სახელმწიფო უნივერსიტეტის მთავარი ბიბლიოთეკა პროფესიული პროგრამების მართვის და უწყვეტი განათლების ცენტრის ბიბლიოთეკა წიგნსაცავი 2022-07-01 12.00 338.48-53:63(479.22) ს-72 62944 2022-07-01 62944 2022-07-01 წიგნი 12.00